| 000 | 00879nam a2200337Ia 4500 | ||
|---|---|---|---|
| 001 | 5414 | ||
| 005 | 20240113233830.0 | ||
| 007 | ta | ||
| 008 | 170217s1970 ii g b000 u 465 u | ||
| 020 | _cRs. 15.50 (HB) | ||
| 040 | _aCotton College,Assam | ||
| 041 | _a465 | ||
| 082 |
_a531 _bG 959 C |
||
| 100 | _aGupta, S.L. . | ||
| 245 | 0 |
_aClassical Mechanics / _cS.L. Gupta, Hari V. Sharma and V. Kumar. _hTextual Documents |
|
| 250 | _a1st ed. / | ||
| 260 |
_aMeerut : _bPragati Prakashan , _c1970. |
||
| 300 |
_ax, 448p. ; _c21cm. |
||
| 365 | _aRs. 15.50 | ||
| 653 | _aPhysics | ||
| 653 | _aClassical Mechanics | ||
| 653 | _aMechanics-Classical | ||
| 653 | _aPG-Physics | ||
| 653 | _aG-Physics | ||
| 700 | _aSharma, Hari V. . | ||
| 700 | _aKumar, V. . | ||
| 942 |
_2ddc _cBK |
||
| 999 |
_c5401 _d5401 |
||